[Event "6th Mayors Cup 2013"]
[Site "Mumbai IND"]
[Date "2013.06.06"]
[Round "11"]
[White "Timoshenko,G"]
[Black "Siddharth,R"]
[Result "1/2-1/2"]
[WhiteElo "2522"]
[BlackElo "2361"]

1.d4 d5 2.c4 c6 3.Nf3 Nf6 4.Qb3 dxc4 5.Qxc4 Bf5 6.g3 e6 7.Bg2 Be7 8.O-O O-O
9.e3 Nbd7 10.Qe2 c5 11.Rd1 cxd4 12.Nxd4 Be4 13.f3 Bxb1 14.Rxb1 Qb6 15.Qb5 Rfd8
16.Bd2 Qxb5 17.Nxb5 Bc5 18.Kf1 a6 19.Na3 Nd5 20.Ke2 b5 21.Nc2 a5 22.f4 N7b6
23.Be1 h6 24.e4 Nb4 25.Na3 Nxa2 26.Nxb5 Nb4 27.e5 Rxd1 28.Rxd1 Rb8 29.Rc1 Bf8
30.Nd4 Na4 31.b3 Nb6 32.Ra1 Bc5 33.Nc6 Nxc6 34.Bxc6 Bb4 35.Bxb4 axb4 36.Ra6 g5
37.Ke3 Kg7 38.Kd4 gxf4 39.gxf4 Rd8+ 40.Kc5 Nd5 41.f5 Nf4 42.f6+ Kg6 43.Be4+ Kg5
44.Rd6 Rb8 45.Rd1 Ne2 46.Rf1 Rd8 47.Bc6 Nf4 48.Be4 Ne2 49.Rf3 h5 50.Rd3 Rc8+
51.Kxb4 Kf4 52.Bg2 Nc1 53.Rd7 Rb8+ 54.Bb7 Nd3+ 55.Rxd3 Rxb7+ 56.Kc5 Ke4 57.Rh3 Kxe5
58.b4 Rc7+ 59.Kb6 Rc2 60.b5 Kxf6 61.Rxh5 e5 62.Ka7 e4 63.b6 Ra2+ 64.Kb8 e3
65.Rh8 e2 66.Re8 Kg5 67.b7 f5 68.Kc7 Rc2+ 69.Kd6 Rd2+ 70.Kc7  1/2-1/2

[Event "Grand Europe Open Albena"]
[Site "Albena BUL"]
[Date "2013.06.07"]
[Round "7.38"]
[White "Matviishen,Viktor"]
[Black "Ziaziulkina,N"]
[Result "1/2-1/2"]
[WhiteElo "2046"]
[BlackElo "2330"]

1.d4 d5 2.c4 c6 3.Nf3 Nf6 4.Qc2 dxc4 5.Qxc4 Bf5 6.Nc3 e6 7.g3 Be7 8.Bg2 O-O
9.O-O Nbd7 10.Bf4 Qb6 11.Nh4 Bg4 12.h3 Bh5 13.g4 Nd5 14.Bg3 Bxh4 15.Bxh4 Bg6
16.Na4 Qa5 17.Nc5 Nxc5 18.dxc5 Qd2 19.Bg3 Qxb2 20.e4 Qc3 21.Rac1 Qxc4 22.Rxc4 Ne7
23.Bd6 Rfe8 24.Rb1 b5 25.cxb6 axb6 26.Bxe7 Rxe7 27.Rxb6 f6 28.Rcxc6 e5 29.Ra6 Rea7
30.Rc8+ Rxc8 31.Rxa7 Rc1+ 32.Kh2 Be8 33.a4 Ra1 34.a5 Bb5 35.h4 h6 36.g5 hxg5
37.hxg5 fxg5 38.Re7 Be2 39.Rxe5 g4 40.Rc5 Kf7 41.Kg3 Ke6 42.f3 gxf3 43.Bxf3 Ra3
44.Rf5 Bxf3  1/2-1/2

[Event "35th Nezhmetdinov Cup"]
[Site "Kazan RUS"]
[Date "2013.06.07"]
[Round "8.43"]
[White "Dordzhieva,D"]
[Black "Fedotov,Alexey"]
[Result "0-1"]
[WhiteElo "2079"]
[BlackElo "1861"]

1.d4 d5 2.c4 c6 3.Nf3 Nf6 4.g3 Bf5 5.Bg2 e6 6.Nc3 h6 7.O-O Nbd7 8.Nd2 Be7
9.e4 dxe4 10.Ndxe4 O-O 11.b3 Nxe4 12.Nxe4 Nf6 13.Nc3 Qb6 14.Bb2 Rad8 15.Na4 Qc7
16.Qe2 Rfe8 17.Rad1 Nd7 18.Nc3 Bf6 19.Ne4 Bxe4 20.Qxe4 g6 21.Rfe1 Bg7 22.b4 e5
23.d5 cxd5 24.cxd5 Qd6 25.a3 f5 26.Qe3 Nb6 27.Qc5 Qxc5 28.bxc5 Na4 29.Bc1 Nxc5
30.Be3 b6 31.Bf1 Ne4 32.Rc1 Rc8 33.Ba6 Rc3 34.Rxc3 Nxc3 35.Rc1 e4 36.Bd2 Nxd5
37.Bc4 Rd8 38.Rd1 Kf7 39.Bc1 Ke6 40.a4 Rd7 41.g4 fxg4 42.Kg2 g5 43.h3 gxh3+
44.Kxh3 Bc3 45.f3 Ke5 46.Bb5 Rd6 47.fxe4 Nf6 48.Rxd6 Kxd6 49.Ba3+ Ke5 50.Be7 g4+
51.Kg2 Nxe4 52.Bd7 Kf4 53.Be8 Nf6 54.Bf7 Be5 55.Bd8 Kg5 56.a5 bxa5 57.Bxa5 h5
58.Bd2+ Bf4 59.Bb4 h4 60.Bc4 h3+ 61.Kg1 g3 62.Bc5 a5 63.Bb3 Ne4 64.Be7+ Kf5
65.Bc2 Be3+  0-1

[Event "3rd Ortega Rating"]
[Site "Ortega COL"]
[Date "2013.06.07"]
[Round "1.4"]
[White "Cespedes Galindo,Estefania"]
[Black "Zuluaga,C"]
[Result "0-1"]
[WhiteElo "1774"]
[BlackElo "2407"]

1.d4 d5 2.c4 c6 3.Nf3 Nf6 4.g3 dxc4 5.Qc2 b5 6.Bg2 Bb7 7.O-O e6 8.a4 Nbd7
9.Ne5 Nxe5 10.dxe5 Nd5 11.Rd1 Qc7 12.Bxd5 exd5 13.axb5 Qxe5 14.Bf4 Qe6 15.Nc3 Bc5
16.bxc6 Bxc6 17.Ra6 Bb6 18.Na4 O-O 19.e3 d4 20.exd4 Qd5 21.Kf1 Qh1+ 22.Ke2 Bf3+
23.Kd2 Bxd1  0-1

[Event "35th Nezhmetdinov Cup"]
[Site "Kazan RUS"]
[Date "2013.06.08"]
[Round "9.14"]
[White "Tunik,G"]
[Black "Gabuzyan,H"]
[Result "0-1"]
[WhiteElo "2430"]
[BlackElo "2532"]

1.d4 d5 2.c4 c6 3.Nf3 Nf6 4.Qc2 dxc4 5.Qxc4 Bf5 6.g3 e6 7.Bg2 Nbd7 8.O-O Be7
9.e3 O-O 10.Rd1 Qc7 11.Nc3 e5 12.dxe5 Nxe5 13.Nxe5 Qxe5 14.e4 Be6 15.Qe2 Rfd8
16.Rxd8+ Rxd8 17.h3 Qa5 18.Bd2 Bc4 19.Qe1 Qc5 20.Rc1 Qb6 21.e5 Nd7 22.Ne4 Qa6
23.Bc3 Nc5 24.Nxc5 Bxc5 25.a3 h6 26.Kh2 Be6 27.Rd1 Rxd1 28.Qxd1 Qc4 29.Bf1 Qa2
30.Qd8+ Kh7 31.Bd3+ g6 32.Bd4 Bxd4 33.Qxd4 c5 34.Qxc5 Qxb2 35.Qe3 Kg7 36.Bf1 a6
37.g4 b5 38.Qc5 Qd2 39.Kg3 g5 40.Qb4 Qc1 41.Bd3 a5 42.Qe4 Qg1+ 43.Qg2 Qxg2+
44.Kxg2 b4 45.axb4 axb4 46.f4 b3 47.fxg5 hxg5 48.Kg3 Bd5 49.h4 gxh4+ 50.Kxh4 Bf3
51.Bc4 Bd1 52.e6 b2 53.e7 Ba4 54.Bd3 Kf6 55.g5+ Kxe7 56.Kg4 Ke6 57.Kf4 Bc6
58.Ke3 Kd5 59.Kd2 Kd4 60.g6 fxg6 61.Bxg6 Ba4 62.Bf5 Kc4 63.Bc2 Kb4 64.Kd3 Ka3
65.Bb1 Kb3 66.Kd4 Bb5 67.Bf5 Be2 68.Bb1 Bh5 69.Ke3 Kc3  0-1

[Event "3rd Ortega Rating"]
[Site "Ortega COL"]
[Date "2013.06.08"]
[Round "3.11"]
[White "Franco Valencia,B"]
[Black "Perez,Lau"]
[Result "1-0"]
[WhiteElo "2161"]
[BlackElo "1975"]

1.d4 d5 2.Nf3 Nf6 3.g3 c6 4.c4 Bf5 5.Nc3 e6 6.Bg2 Be7 7.O-O h6 8.Qb3 Qb6
9.c5 Qc7 10.Bf4 Qc8 11.Qd1 Nbd7 12.Rc1 O-O 13.b4 a6 14.a4 Nh5 15.Bd2 Qc7
16.Re1 Nhf6 17.Bf4 Qd8 18.h3 Bh7 19.b5 axb5 20.axb5 Nh5 21.Bd2 f5 22.Qb3 g5
23.Ra1 Qc7 24.Ra2 Rxa2 25.Qxa2 e5 26.b6 Qd8 27.Nxd5 cxd5 28.Qxd5+ Kh8 29.Bc3 exd4
30.Nxd4 Ndf6 31.Qxb7 Bxc5 32.Ne6 Qc8 33.Bxf6+ Kg8 34.Nxf8 Qxb7 35.Bxb7 Kxf8
36.Bd8 Nxg3 37.Bc6 Ne4 38.Bxe4 fxe4 39.b7 Bd6 40.Rd1 Bb8 41.Bxg5 Kf7 42.Rd8 Be5
43.Bxh6 Bf5 44.e3 Ke7 45.Bg5+ Kf7 46.Bf4  1-0

[Event "2nd Grand Europe Open 2013"]
[Site "Golden Sands BUL"]
[Date "2013.06.10"]
[Round "1.44"]
[White "Abramovic,B"]
[Black "Romanov,Se1"]
[Result "1-0"]
[WhiteElo "2458"]
[BlackElo "2103"]

1.Nf3 d5 2.d4 Nf6 3.c4 c6 4.Qb3 dxc4 5.Qxc4 Bf5 6.Nc3 e6 7.g3 Be7 8.Bg2 h6
9.Ne5 O-O 10.e4 Bh7 11.Be3 Nbd7 12.Nxd7 Nxd7 13.O-O Qa5 14.a3 Rac8 15.Rfd1 Rfd8
16.Qe2 Bf6 17.f4 Qc7 18.Rac1 Qb8 19.b4 a5 20.bxa5 Qa8 21.a6 Qxa6 22.Qxa6 bxa6
23.Na4 Be7 24.Rc3 Nf6 25.e5 Nd5 26.Bxd5 cxd5 27.Nc5 Rc6 28.Rdc1 Rb8 29.Nxa6 Rxa6
30.Rc8+ Rxc8 31.Rxc8+ Bf8 32.Bd2 Rxa3 33.Bb4 Ra1+ 34.Kf2 Ra2+ 35.Ke3 Bg6
36.Bxf8 Kh7 37.g4 Rxh2 38.f5 exf5 39.gxf5 Bh5 40.Bd6 Rh3+ 41.Kd2 g5 42.e6 Kg7
43.f6+ Kxf6 44.e7 Rh2+ 45.Bxh2 Kxe7  1-0

[Event "2nd Grand Europe Open 2013"]
[Site "Golden Sands BUL"]
[Date "2013.06.11"]
[Round "2.60"]
[White "Parligras,C"]
[Black "Diril,D"]
[Result "1/2-1/2"]
[WhiteElo "2299"]
[BlackElo "1777"]

1.c4 Nf6 2.Nf3 c6 3.d4 d5 4.Qc2 Nbd7 5.cxd5 cxd5 6.Bf4 e6 7.e3 Bb4+ 8.Nbd2 O-O
9.Bd3 Qe7 10.O-O Nb6 11.Bg5 h6 12.Bh4 Bd7 13.Ne5 Rfc8 14.Qd1 Bxd2 15.Qxd2 Ne4
16.Bxe4 Qxh4 17.Bd3 Qd8 18.f4 Nc4 19.Qe2 Nxe5 20.fxe5 Qe7 21.Rf4 Rf8 22.Raf1 a6
23.a3 Qe8 24.Qf2 Bb5 25.Bxb5 axb5 26.h3 Qe7 27.Qg3 Rac8 28.Rg4 f5 29.exf6 Rxf6
30.Rxf6 Qxf6 31.Rf4 Qe7 32.Kh2 Rc2 33.Rf2 Rxf2 34.Qxf2 b4  1/2-1/2

[Event "2nd Grand Europe Open 2013"]
[Site "Golden Sands BUL"]
[Date "2013.06.12"]
[Round "3.20"]
[White "Svetushkin,D"]
[Black "Ali Marandi,C"]
[Result "1-0"]
[WhiteElo "2605"]
[BlackElo "2383"]

1.d4 d5 2.c4 c6 3.Nf3 Nf6 4.Qc2 g6 5.Bf4 Bg7 6.e3 O-O 7.Nc3 Na6 8.a3 Bf5
9.Qb3 Qb6 10.Qxb6 axb6 11.cxd5 Nb4 12.dxc6 Nc2+ 13.Kd1 Nxa1 14.cxb7 Rad8
15.Bc4 Ne4 16.Nxe4 Bxe4 17.b8=Q Rxb8 18.Bxb8 Rxb8 19.Ng5 Rc8 20.Bxf7+ Kf8
21.Be6 Rc6 22.Nxe4 Rxe6 23.Nd2 Rc6 24.Ke2 Nc2 25.Kd3 e5 26.d5 Rc8 27.Ne4 b5
28.Kd2 b4 29.Rc1 b3 30.Rd1 Ke7 31.g4 Kd7 32.h4 Bf8 33.Rb1 h6 34.h5 g5 35.Kd3 Be7
36.Nd2 Kd6 37.Nxb3 Kxd5 38.Rc1 e4+ 39.Kd2 Rf8 40.Rxc2 Rxf2+ 41.Kd1 Rf1+ 42.Ke2 Rg1
43.Rd2+ Ke5 44.a4 Rb1 45.a5 Bb4 46.Rc2 Rh1 47.Rc4 Rh2+ 48.Kf1 Bd6 49.a6 Rxb2
50.Ra4 Bb8 51.Nd4 Kd5 52.a7 Rb1+ 53.Kf2 Rb2+ 54.Ne2  1-0

[Event "2nd Grand Europe Open 2013"]
[Site "Golden Sands BUL"]
[Date "2013.06.13"]
[Round "4.26"]
[White "Raznikov,D"]
[Black "Panbukchian,V"]
[Result "1-0"]
[WhiteElo "2491"]
[BlackElo "2331"]

1.d4 d5 2.Nf3 Nf6 3.c4 c6 4.Qb3 g6 5.Nc3 Bg7 6.cxd5 Nxd5 7.e4 Nb6 8.h3 O-O
9.Be3 Be6 10.Qc2 h6 11.O-O-O N8d7 12.Qd2 Kh7 13.h4 Nf6 14.Ng5+ hxg5 15.hxg5+ Nh5
16.Be2 Qd7 17.Rdg1 Kg8 18.g4 Nf4 19.Bxf4 Qxd4 20.Qxd4 Bxd4 21.Rd1 Bg7 22.Be3 Bc4
23.Bc5 Rfe8 24.Bxc4 Nxc4 25.f4 b6 26.Bf2 e5 27.f5 Red8 28.b3 Rxd1+ 29.Rxd1 Na5
30.Rd7 Bf8 31.Kc2 c5 32.Nd5 Bg7 33.Ne7+ Kh7 34.Rd1  1-0

[Event "1st Golden Apricot 2013"]
[Site "Malatya TUR"]
[Date "2013.06.13"]
[Round "6"]
[White "Yeke,S"]
[Black "Genov,Peta"]
[Result "1/2-1/2"]
[WhiteElo "2255"]
[BlackElo "2468"]

1.Nf3 d5 2.d4 c6 3.c4 dxc4 4.a4 e6 5.e3 Nf6 6.Bxc4 c5 7.O-O Nc6 8.Qe2 Be7
9.Rd1 Qc7 10.Nc3 a6 11.h3 O-O 12.dxc5 Bxc5 13.e4 Nd7 14.Be3 b6 15.Rac1 Bb7
16.Ba2 Rfd8 17.Bg5 Re8 18.Qd2 Nde5 19.Nxe5 Qxe5 20.Qf4 Qxf4 21.Bxf4 Rad8
22.Bc7 Rd4 23.Rxd4 Nxd4 24.Kf1 Rc8  1/2-1/2

[Event "1st Golden Apricot 2013"]
[Site "Malatya TUR"]
[Date "2013.06.13"]
[Round "6"]
[White "Bagaturov,G"]
[Black "Annaberdiev,M"]
[Result "1-0"]
[WhiteElo "2444"]
[BlackElo "2436"]

1.d4 d5 2.Nf3 Nf6 3.c4 c6 4.Qc2 dxc4 5.Qxc4 Bf5 6.g3 e6 7.Bg2 Be7 8.O-O O-O
9.Nc3 Nbd7 10.Qb3 Qb6 11.Nd2 Qxd4 12.Qxb7 Rab8 13.Qxc6 Ne5 14.Qa6 Qd7 15.Nb3 Rb6
16.Qa4 Qxa4 17.Nxa4 Rb4 18.Nc3 Rc8 19.Bf4 Nc4 20.Nd4 Nxb2 21.Ncb5 Bc5 22.Rac1 Nc4
23.Nc6 Rxb5 24.Rxc4 Nd5 25.Nxa7 Bxf2+ 26.Kxf2 Rxc4 27.Nxb5  1-0

[Event "2nd Grand Europe Open 2013"]
[Site "Golden Sands BUL"]
[Date "2013.06.15"]
[Round "6.40"]
[White "Raeva,E"]
[Black "Anurag,M"]
[Result "0-1"]
[WhiteElo "2258"]
[BlackElo "2401"]

1.d4 Nf6 2.c4 c6 3.Nf3 d5 4.Qc2 g6 5.e3 Bf5 6.Bd3 Bxd3 7.Qxd3 Bg7 8.Nbd2 O-O
9.O-O c5 10.dxc5 Na6 11.Qa3 Rc8 12.b4 dxc4 13.Bb2 Qd3 14.Rac1 Qxa3 15.Bxa3 Rfd8
16.Nd4 e5 17.N4f3 Rd3 18.Nxc4 Nd5 19.b5 Nxc5 20.Nd6 Rxa3 21.Nxc8 Nd3 22.Rc2 Bf8
23.Ng5 Nc3 24.g3 e4 25.f3 Nd5 26.fxe4 Nxe3 27.Ne7+ Bxe7 28.Rc8+ Kg7 29.Rxf7+ Kh6
30.h4 Bxg5 31.hxg5+ Kxg5 32.Rf3 Ne5 33.Rf2 N3g4 34.Rg2 Re3 35.Rc1 Rxe4 36.Rgc2 h5
37.Rc7 Re2 38.Rf1 h4 39.gxh4+ Kxh4 40.Rc3 Ne3 41.Rf6 Kg4  0-1

[Event "8th Teplice Open 2013"]
[Site "Teplice CZE"]
[Date "2013.06.16"]
[Round "2.8"]
[White "Teske,H"]
[Black "Mamedjarova,T"]
[Result "1-0"]
[WhiteElo "2514"]
[BlackElo "2249"]

1.Nf3 d5 2.d4 Nf6 3.c4 c6 4.Nbd2 e6 5.g3 Bd6 6.Bg2 O-O 7.O-O Nbd7 8.Qc2 Qe7
9.e4 dxe4 10.Nxe4 Nxe4 11.Qxe4 c5 12.Be3 f5 13.Qc2 f4 14.dxc5 Nxc5 15.Bxc5 Bxc5
16.Rae1 fxg3 17.hxg3 Rf5 18.Qe4 Qf6 19.Re2 Rb8 20.Ne5 h5 21.Bh3 Rg5 22.Kh2 h4
23.gxh4 Rh5 24.Ng6 Bd7 25.f4 Re8 26.Qd3 Bc6 27.Rfe1 Bb4 28.Rxe6 Bxe1 29.Rxf6 gxf6
30.Bd7 Be4 31.Qe2 Bxh4 32.Qxh5  1-0

[Event "17th Petr Izmailov"]
[Site "Tomsk RUS"]
[Date "2013.06.19"]
[Round "9.14"]
[White "Sviridov,Va"]
[Black "Sorokin,Aleksey"]
[Result "0-1"]
[WhiteElo "2243"]
[BlackElo "2065"]

1.Nf3 d5 2.d4 Nf6 3.c4 c6 4.Qc2 e6 5.g3 Nbd7 6.Bg2 Be7 7.O-O O-O 8.Rd1 b6
9.b3 Bb7 10.Nc3 Rc8 11.e4 c5 12.exd5 exd5 13.Qf5 Re8 14.dxc5 Bxc5 15.Ng5 h6
16.Nh3 Re5 17.Qc2 Ne4 18.Bb2 Qe8 19.Nxe4 Rxe4 20.Bxe4 dxe4 21.Qc3 f6 22.b4 Bf8
23.Qb3 Ne5 24.Bxe5 fxe5 25.Kf1 Qh5 26.Ng1 Qxh2 27.a3 Be7 28.Rd7 Rf8 29.Ra2 Bc8
30.f4 Qh1 31.Rxe7 Bh3+ 32.Ke2 Qg2+ 33.Kd1 Rd8+ 34.Kc1 Qxg1+ 35.Kb2 Rd2+  0-1

[Event "13th IPCA World Championship"]
[Site "Velke Losiny CZE"]
[Date "2013.06.20"]
[Round "4.2"]
[White "Balberov,Alex"]
[Black "Mikheev,S"]
[Result "1-0"]
[WhiteElo "2350"]
[BlackElo "2264"]

1.Nf3 Nf6 2.c4 c6 3.d4 d5 4.Qc2 g6 5.cxd5 cxd5 6.e3 Bg7 7.Bd3 Nc6 8.O-O O-O
9.Qb3 Qb6 10.Bd2 Bg4 11.Nc3 Rfd8 12.Rfc1 Bxf3 13.gxf3 e5 14.dxe5 Nxe5 15.Qxb6 axb6
16.Be2 Nc4 17.Rc2 Rac8 18.Rd1 Nxd2 19.Rcxd2 Bf8 20.Nxd5 Nxd5 21.Rxd5 Rxd5
22.Rxd5 Rc2 23.Kf1 Bc5 24.Rd7 f5 25.Rxb7 Rxb2 26.f4 Kh8 27.Bc4 Rd2 28.Bb3 Rd6
29.h4 h5 30.Ke2 Rd8 31.Bf7 Kg7 32.Be6+ Kh8 33.Bd7 Ra8 34.a4 Rf8 35.Kd3 Rf6
36.Kc4 Ba3 37.Kb5 Rd6 38.Be8 Rd2 39.Kxb6 Rxf2 40.a5 Bc1 41.Re7 Rb2+ 42.Bb5 Rb3
43.a6 Bxe3+ 44.Rxe3 Rxe3 45.a7  1-0

[Event "13th IPCA World Championship"]
[Site "Velke Losiny CZE"]
[Date "2013.06.25"]
[Round "9.1"]
[White "Obodchuk,A"]
[Black "Mikheev,S"]
[Result "1-0"]
[WhiteElo "2410"]
[BlackElo "2264"]

1.Nf3 Nf6 2.c4 c6 3.d4 d5 4.g3 dxc4 5.Bg2 g6 6.O-O Bg7 7.Nc3 O-O 8.a4 Na6
9.e4 Qa5 10.Qe2 b5 11.Ne5 Bb7 12.Be3 b4 13.Nxc4 Qc7 14.Nd1 Rad8 15.Rc1 Nb8
16.h3 Ba6 17.Re1 Nfd7 18.Qc2 e5 19.d5 cxd5 20.exd5 Nf6 21.d6 Qxc4 22.Qxc4 Bxc4
23.Rxc4 a5 24.Bb6 Rxd6 25.Bc5 Rd2 26.Bxf8 Bxf8 27.Rc8 Nbd7 28.Ra8 Nc5 29.Rxa5 Nd3
30.Rf1 b3 31.Rb5 Nxb2 32.Nxb2 Rxb2 33.a5 Ne8 34.Rb8 Nc7 35.Rb7 Ne6 36.Bd5 Ra2
37.Bxb3 Rxa5 38.Bxe6 fxe6 39.Rd1 e4 40.Rd8 Rf5 41.Re7 e3 42.fxe3 h5 43.Rxe6 Kf7
44.Re4 Bc5 45.Kg2 Kg7 46.Rc8 Bd6 47.Re6 Be5 48.Rc5 Bf6 49.Rxf5 gxf5 50.Kf3  1-0

[Event "Geneva Masters GpB 2013"]
[Site "Geneva SUI"]
[Date "2013.06.27"]
[Round "2.2"]
[White "Bacrot,E"]
[Black "Edouard,R"]
[Result "1-0"]
[WhiteElo "2725"]
[BlackElo "2666"]

1.d4 Nf6 2.Nf3 d5 3.g3 c6 4.c4 dxc4 5.Bg2 Nbd7 6.Qc2 Nb6 7.a4 a5 8.Na3 g6
9.e4 Bg7 10.O-O O-O 11.Rd1 Nfd7 12.Bf4 Qe8 13.Be3 Ra6 14.h3 e5 15.d5 cxd5
16.exd5 e4 17.Ng5 Qe5 18.Nxc4 Nxc4 19.Qxc4 Qxb2 20.Rab1 Qc3 21.Qxc3 Bxc3
22.Nxe4 Bb4 23.Bf1 Ra8 24.Bb5 f5 25.Ng5 Bd6 26.Ne6 Rf7 27.Nd8 Re7 28.Bg5 Re4
29.Nxb7 Bxb7 30.Bxd7 Rb4 31.Be6+ Kf8 32.Bd2 Rxb1 33.Rxb1 Bc8 34.Bxc8 Rxc8
35.Bxa5 Rc4 36.Ra1 Bc5 37.Bd2 Ke7 38.a5 Rd4 39.Bg5+ Kd6 40.a6 Kxd5  1-0

[Event "Geneva Open A 2013"]
[Site "Geneva SUI"]
[Date "2013.06.27"]
[Round "5.3"]
[White "Le Roux,JP"]
[Black "Botta,Ga"]
[Result "1-0"]
[WhiteElo "2576"]
[BlackElo "2327"]

1.d4 d5 2.c4 c6 3.Nf3 Nf6 4.g3 dxc4 5.Bg2 b5 6.Ne5 a6 7.b3 cxb3 8.Qxb3 e6
9.O-O Bb7 10.Rd1 Be7 11.a4 O-O 12.Ba3 b4 13.Bb2 a5 14.Nd2 Qb6 15.Rac1 Nfd7
16.Nd3 c5 17.dxc5 Nxc5 18.Rxc5 Bxc5 19.Bxb7 Bxf2+ 20.Nxf2 Qxb7 21.Nde4 Na6
22.Qf3 Kh8 23.Bxg7+  1-0

[Event "3rd Big Slick IM"]
[Site "Purley ENG"]
[Date "2013.06.27"]
[Round "6"]
[White "Merry,Alan B"]
[Black "Sarakauskas,G"]
[Result "1-0"]
[WhiteElo "2237"]
[BlackElo "2404"]

1.d4 d5 2.c4 c6 3.Nf3 Nf6 4.g3 Bg4 5.Bg2 e6 6.O-O Nbd7 7.h3 Bh5 8.Nc3 Bd6
9.b3 O-O 10.Bb2 a6 11.g4 Bg6 12.Nd2 b5 13.c5 Bc7 14.f4 Qb8 15.e3 Bd3 16.Rf2 b4
17.Ne2 a5 18.a4 Kh8 19.Ng3 Ng8 20.Nf3 Ba6 21.Qc2 f6 22.Ne2 Qe8 23.e4 Qf7
24.e5 Bxe2 25.Qxe2 f5 26.Bc1 Ne7 27.Bd2 Qg6 28.Nh2 Qf7 29.Qe3 Rfe8 30.Bf1 Nf8
31.Bd3 Nfg6 32.Kh1 Rf8 33.Qg3 fxg4 34.hxg4 Nxe5 35.dxe5 Bxe5 36.Re1 Bd4 37.Rfe2 e5
38.Nf3 Ng6 39.Nxd4 exd4 40.f5  1-0

[Event "2nd Arberopen 2013"]
[Site "Bayerisch Eisenstein GER"]
[Date "2013.06.30"]
[Round "2.1"]
[White "Epishin,V"]
[Black "Medunova,V"]
[Result "1-0"]
[WhiteElo "2602"]
[BlackElo "2133"]

1.d4 Nf6 2.Nf3 d5 3.c4 c6 4.Qb3 e6 5.Bg5 Be7 6.e3 Ne4 7.Bxe7 Qxe7 8.Bd3 f5
9.Ne5 O-O 10.O-O Nd7 11.Nxd7 Bxd7 12.Qa3 Qh4 13.f3 Nf6 14.Nd2 g5 15.Rae1 Rf7
16.Qd6 Re8 17.Qe5 Nh5 18.Rf2 f4 19.e4 Rf6 20.Nf1 dxc4 21.Bxc4 Rh6 22.Rfe2 g4
23.fxg4 Qxg4 24.Rf2 Rg6 25.Be2  1-0

[Event "4th ch-Vojvodina Int"]
[Site "Novi Sad SRB"]
[Date "2013.06.30"]
[Round "4.18"]
[White "Laketic,G"]
[Black "Kolompar,Ivan"]
[Result "1-0"]
[WhiteElo "2410"]
[BlackElo "2094"]

1.d4 d5 2.c4 c6 3.Nf3 Nf6 4.Qc2 Bg4 5.Ne5 e6 6.Nxg4 Nxg4 7.h3 Nf6 8.Nd2 Bd6
9.e3 Nbd7 10.a3 a5 11.Be2 O-O 12.O-O e5 13.dxe5 Nxe5 14.b3 Qe7 15.Bb2 Rfd8
16.Rfd1 Rd7 17.Bc3 dxc4 18.bxc4 Bc7 19.Rdb1 b6 20.Nf3 Nxf3+ 21.Bxf3 Qd6 22.Rd1 Qe6
23.Qb2 Rad8 24.Rxd7 Rxd7 25.Bxf6 gxf6 26.Qc2 Qe5 27.Rb1 Qc5 28.a4 Qd6 29.g3 Qc5
30.Kg2 Qd6 31.Qe4 c5 32.Rd1 Qe7 33.Qg4+  1-0

[Event "8th Vladimir Dvorkovich Cup"]
[Site "Moscow RUS"]
[Date "2013.07.01"]
[Round "6.9"]
[White "Xu,Yinglun"]
[Black "Alekseenko,K"]
[Result "1-0"]
[WhiteElo "2307"]
[BlackElo "2449"]

1.d4 d5 2.c4 dxc4 3.Nf3 c6 4.e3 Be6 5.a4 Nf6 6.Be2 Bd5 7.Nbd2 e6 8.O-O c5
9.Nxc4 Nbd7 10.b3 Be7 11.Bb2 O-O 12.Rc1 Rc8 13.Rc2 Be4 14.Bd3 Bxd3 15.Qxd3 cxd4
16.Nxd4 a6 17.Rfc1 Bb4 18.Qe2 Ne4 19.Ne5 Rxc2 20.Qxc2 Nef6 21.Ndf3 Nc5 22.Rd1 Qc8
23.Rd4 a5 24.h3 b6 25.Rc4 Qa8 26.Nd3 Nxd3 27.Bxf6 gxf6 28.Qxd3 Rd8 29.Rg4+ Kh8
30.Rd4 Rc8 31.Rh4 Rc1+ 32.Kh2 Qg8 33.Qd4 Be7 34.Qxb6 Bd8 35.Qd4 Bc7+ 36.g3 Qd8
37.Qxd8+ Bxd8 38.Rc4 Rxc4 39.bxc4 Kg7 40.Kg2 Kf8 41.Kf1 Ke7 42.Ke2 Kd6 43.Kd3 Kc5
44.Kc3 f5 45.Ne5 f6 46.Nd3+ Kd6 47.c5+ Kc6 48.Nf4 Be7 49.Kc4 Bxc5 50.Nxe6 Bb4
51.Nd4+ Kd6 52.f4  1-0

[Event "IsBank TCh-TUR 2013"]
[Site "Denizli TUR"]
[Date "2013.07.02"]
[Round "4.6"]
[White "Ataman,A"]
[Black "Serin,S"]
[Result "1/2-1/2"]
[WhiteElo "2159"]
[BlackElo "1749"]

1.d4 d5 2.c4 c6 3.Nf3 Nf6 4.g3 e6 5.Nbd2 Nbd7 6.Bg2 Bd6 7.O-O e5 8.cxd5 cxd5
9.dxe5 Nxe5 10.Nxe5 Bxe5 11.Nf3 Bd6 12.Bg5 Be6 13.Qa4+ Qd7 14.Qd4 Qe7 15.Rfd1 Bc5
16.Bxf6 gxf6 17.Qd3 O-O 18.Nd4 Rac8 19.Rac1 Bxd4 20.Qxd4 Rxc1 21.Rxc1 Rc8
22.Rxc8+ Bxc8 23.Qxd5 Kg7 24.Qd2 Bg4 25.e3 b6 26.h3 Be6 27.a3 Qc7 28.Kh2 Bc8
29.Qd4 Qc2 30.e4 Qc7 31.Bf3 Ba6 32.Bd1 Bb7 33.Bb3 Qc6 34.Bd5 Qc7 35.Bxb7 Qxb7
36.h4 Qc7 37.Kg2 Qc6 38.g4 Kg8 39.Qd5 Qc1 40.e5 fxe5 41.Qxe5 Qc8 42.Kg3 h6
43.Qf6 Qc7+ 44.Qf4 Qc6 45.f3 Qc5 46.Qd2 Kh7 47.Kg2 a5 48.Qd3+ Kg8 49.Qd2 Kh7
50.h5 b5 51.f4 b4 52.Qd3+ Kg7 53.axb4 axb4 54.Qe4 Qc8 55.Kf3 b3 56.Qe5+ Kg8
57.Kg3 Qc1 58.Qb8+ Kg7 59.Qxb3 Qg1+ 60.Kf3 Qh1+ 61.Kf2 Qh2+ 62.Ke1 Qg1+ 63.Kd2 Qxg4
64.Qc3+ f6 65.Qc7+ Kg8 66.Qd8+ Kf7 67.Qc7+ Kg8 68.b4 Qxh5 69.Qd8+ Kf7 70.Qd7+ Kf8
71.b5 Qh2+ 72.Kc3 Qg3+ 73.Kb4 Qxf4+ 74.Ka5 Qe5 75.Ka6 h5 76.b6 Qa1+ 77.Kb7 h4
78.Kc8 Qa8+ 79.Kc7 Qa5 80.Qd8+ Kf7 81.Qd4 Ke7 82.Qe4+ Kf7 83.Qxh4 Qc5+ 84.Kb7 Qd5+
85.Ka6 Qa8+ 86.Kb5 Qd5+ 87.Kb4 Qd6+ 88.Ka5 Qd5+ 89.Ka6 Qa8+ 90.Kb5 Qd5+ 91.Ka4 Qc6+
92.Ka5 Qd5+ 93.Kb4  1/2-1/2

[Event "11th Niki Open 2013"]
[Site "Nachod CZE"]
[Date "2013.07.02"]
[Round "4.3"]
[White "Jirka,J"]
[Black "Strebkovs,A"]
[Result "1-0"]
[WhiteElo "2432"]
[BlackElo "2312"]

1.d4 d5 2.Nf3 Nf6 3.g3 c6 4.c4 Bf5 5.Nc3 Qb6 6.c5 Qc7 7.Bf4 Qc8 8.h3 h6 9.g4 Bh7
10.e3 Nbd7 11.Bd3 Ne4 12.Bxe4 dxe4 13.Nd2 e5 14.Bxe5 Nxe5 15.dxe5 Qc7 16.Ndxe4 Qxe5
17.f4 Qc7 18.Nd6+ Bxd6 19.cxd6 Qb8 20.d7+ Ke7 21.Qd2 Rd8 22.O-O-O Qc7 23.Qd4 Kf8
24.f5 f6 25.Qc5+ Kg8 26.Qe7 b6 27.Rd6 b5 28.Rhd1 b4 29.Ne4 Qa5 30.Kb1 Kh8
31.Rxc6 Bg8 32.b3 Bd5 33.Rd6 Bxe4+ 34.Qxe4 Rab8 35.h4 Qb5 36.g5 Rb6 37.Re6 Rbb8
38.Re7 Rf8 39.gxh6 gxh6 40.Qf4  1-0

[Event "IsBank TCh-TUR 2013"]
[Site "Denizli TUR"]
[Date "2013.07.03"]
[Round "5.2"]
[White "Arutinian,D"]
[Black "Solak,D"]
[Result "1/2-1/2"]
[WhiteElo "2543"]
[BlackElo "2598"]

1.d4 d5 2.c4 c6 3.Nf3 Nf6 4.Qc2 dxc4 5.Qxc4 Bg4 6.Nbd2 g6 7.g3 Bg7 8.Bg2 O-O
9.O-O Nbd7 10.h3 Bf5 11.g4 Nb6 12.Qb3 Be6 13.Qc2 h5 14.Ng5 Bc8 15.gxh5 Nxh5
16.Ndf3  1/2-1/2

[Event "IsBank TCh-TUR 2013"]
[Site "Denizli TUR"]
[Date "2013.07.03"]
[Round "5.5"]
[White "Yurtseven,C"]
[Black "Bayram,Y"]
[Result "1/2-1/2"]
[WhiteElo "2299"]
[BlackElo "2271"]

1.Nf3 Nf6 2.d4 d5 3.c4 c6 4.g3 g6 5.Bg2 Bg7 6.cxd5 cxd5 7.Nc3 O-O 8.O-O e6
9.Ne5 Nfd7 10.f4 Nc6 11.e3 Ndxe5 12.fxe5 f6 13.exf6 Rxf6 14.Rxf6  1/2-1/2

[Event "IsBank TCh-TUR 2013"]
[Site "Denizli TUR"]
[Date "2013.07.03"]
[Round "5.9"]
[White "Saba,Zafer Rabin"]
[Black "Sevgi,V"]
[Result "1-0"]
[WhiteElo "1846"]
[BlackElo "2005"]

1.d4 d5 2.Nf3 c6 3.c4 Nf6 4.Qc2 e6 5.g3 Nbd7 6.Bg2 Bd6 7.O-O O-O 8.Nbd2 Re8
9.Rd1 Qe7 10.Re1 Rb8 11.e4 dxe4 12.Nxe4 Nxe4 13.Qxe4 c5 14.Bg5 Qf8 15.Rad1 b5
16.cxb5 Rxb5 17.b3 cxd4 18.Qxd4 Bb4 19.Bd2 Bc5 20.Qd3 Rb6 21.Bf4 f6 22.Be3 e5
23.Qc4+ Qf7 24.Qxf7+ Kxf7 25.Rxd7+ Bxd7 26.Bxc5 Rb5 27.b4 Rc8 28.Nd2 Rd8
29.Nc4 Rbb8 30.Nd6+ Kg6 31.Nb7 Rh8 32.Rd1 Be6 33.Rd2 a6 34.Bd6 Rbc8 35.Nc5 Bc4
36.Bb7 Rcd8 37.Bxa6 Bxa2 38.Nb7 Rxd6 39.Nxd6 Be6 40.b5 Rb8 41.Rc2 Bd5 42.Rc5 Bf3
43.Rc8 Rb6 44.Nc4 Re6 45.b6 e4 46.Bb5 e3 47.fxe3 Bd5 48.Re8 Kf7 49.Rxe6 Kxe6
50.Kf2 f5 51.Ke2 g5 52.Kd3 h5 53.Kd4 f4 54.exf4 gxf4 55.gxf4 Bg2 56.Kc5 Bb7
57.Bc6 Ba6 58.Ne3  1-0

[Event "4th AIMAG Women"]
[Site "Incheon KOR"]
[Date "2013.07.03"]
[Round "7.10"]
[White "Tay Li Jin Jeslin"]
[Black "Shamima,A"]
[Result "1/2-1/2"]
[WhiteElo "2056"]
[BlackElo "2157"]

1.d4 d5 2.c4 c6 3.Nf3 Nf6 4.Qc2 a6 5.e3 b5 6.cxd5 cxd5 7.a4 b4 8.Nbd2 e6
9.Bd3 Bd6 10.O-O Bb7 11.Re1 Nbd7 12.Nb3 Rc8 13.Qe2 a5 14.Bd2 O-O 15.Rec1 Qb6
16.Rxc8 Rxc8 17.Rc1 Ne4 18.Rxc8+ Bxc8 19.Ne1 Qc7 20.g3 Nb6 21.Bb5 Nc4 22.Bc1 Bf8
23.Qc2 Ned6 24.Nc5 Nxb5 25.axb5 Qb6 26.e4 Qxb5 27.b3 Nb6 28.e5 Bxc5 29.dxc5 Nd7
30.Nd3 Qc6 31.Be3 d4 32.Bxd4 Bb7 33.Kf1 Qh1+ 34.Ke2 Qe4+ 35.Be3 Nxe5 36.Kd2 Nf3+
37.Kc1 Qd5 38.h4 h6 39.Nf4 Qc6 40.Qd3 e5 41.Ne2 Ba6 42.Qd6 Qxd6 43.cxd6 Kf8
44.Kd1 Bb5 45.Bb6 a4 46.Bc5 Ke8 47.Bxb4 axb3 48.Nc3 Bd3 49.Kc1 Kd7 50.Kb2 Bc4
51.Na4 Kc6 52.d7 Kxd7 53.Nb6+ Kc6 54.Nxc4 Kb5 55.Kxb3 Nd4+ 56.Kc3 Ne2+ 57.Kd2 Kxc4
58.Bf8 Nd4 59.Bxg7 h5 60.Bf6 Kd5 61.Ke3 Ke6 62.Bd8 Nf5+ 63.Kf3 Nh6 64.Bg5 Ng4
65.Ke2 e4 66.f3 exf3+ 67.Kxf3 Kf5 68.Bf4 f6 69.Bc7 Nh6 70.Bf4 Nf7 71.Bc7 Nh8
72.Bb8 Nf7 73.Bc7 Nh6 74.Bf4 Ng8 75.Bd6 Nh6  1/2-1/2

[Event "IsBank TCh-TUR 2013"]
[Site "Denizli TUR"]
[Date "2013.07.04"]
[Round "6.5"]
[White "Yener,C"]
[Black "Tanrikulu,E"]
[Result "1/2-1/2"]
[WhiteElo "1944"]
[BlackElo "2256"]

1.d4 d5 2.c4 c6 3.Nf3 Nf6 4.Qb3 a6 5.Nc3 e6 6.Bg5 Be7 7.e3 O-O 8.Be2 Nbd7
9.O-O b5 10.cxd5 cxd5 11.Bxf6 Nxf6 12.Ne5 Bb7 13.f3 Bd6 14.f4 b4 15.Na4 Ne4
16.Bd3 f6 17.Bxe4 fxe5 18.fxe5 Be7 19.Rxf8+ Bxf8 20.Bc2  1/2-1/2